000 00553nam a2200193Ia 4500
999 _c10456
_d10456
003 OSt
005 20191230151311.0
008 190216s9999||||xx |||||||||||||| ||und||
020 _a8186377050
040 _coclc
082 _a330.03
_bLIN/D
100 _aLingaiah, Karnati
_9580
245 0 _a Dictionary Of Economics /
_cKarnati Lingaiah
250 _a1st ed.
260 _bLink Publications,
_c2000.
_aBharatpur:
300 _a292p
650 _aEconomics
_xDictionaries
942 _cREF
_2ddc
_h330.03
_iLIN/D
_k330.03
_mLIN/D